Ecología vegetal / (Record no. 134435)

MARC details
000 -LEADER
campo de control de longitud fija 00726nam a2200193 i 4500
001 - NÚMERO DE CONTROL
campo de control 134435
003 - IDENTIFICADOR DE NÚMERO DE CONTROL
campo de control ES-MaACL
005 - FECHA Y HORA DE LA ÚLTIMA TRANSACCIÓN
campo de control 20230906194655.0
007 - CAMPO FIJO DE DESCRIPCIÓN FÍSICA--INFORMACIÓN GENERAL
campo de control de longitud fija t|
008 - DATOS DE LONGITUD FIJA--INFORMACIÓN GENERAL
campo de control de longitud fija 070910s1944 sp ||||1| spa d
100 1# - ENTRADA PRINCIPAL--NOMBRE DE PERSONA
Nombre de persona Weaver, John Ernst.
9 (RLIN) 116231
245 10 - MENCIÓN DEL TÍTULO
Título Ecología vegetal /
Mención de responsabilidad, etc. por John E. Weaver y Frederic E. Clements ; traducido de la segunda edición en inglés por Angel L. Cabrera ; prólogo para la edición española por Lorenzo R. Parodi.
260 ## - PUBLICACIÓN, DISTRIBUCIÓN, ETC.
Lugar de publicación, distribución, etc. Buenos Aires :
Nombre del editor, distribuidor, etc. Acme Agency,
Fecha de publicación, distribución, etc. 1944.
300 ## - DESCRIPCIÓN FÍSICA
Extensión XXV, 667 p., 1 mapa :
Otras características físicas il. ;
Dimensiones 23 cm.
700 1# - ENTRADA AGREGADA--NOMBRE PERSONAL
Nombre de persona Clements, Frederic E.
9 (RLIN) 39214
700 1# - ENTRADA AGREGADA--NOMBRE PERSONAL
Nombre de persona Cabrera, Angel L.
9 (RLIN) 33277
700 1# - ENTRADA AGREGADA--NOMBRE PERSONAL
Nombre de persona Parodi, Lorenzo R.
9 (RLIN) 89208
852 ## - LOCALIZACIÓN
Ubicación ES-MaACL
Número de control de estantería C-4731
Sublocalización o colección R.25217
Holdings
Estatus retirado Estado de pérdida Estado de daño No para préstamo Biblioteca de origen Biblioteca actual Ubicación en estantería Fecha de adquisición Fuente de adquisición Total de préstamos Signatura topográfica completa Código de barras Visto por última vez Precio de reemplazo Tipo de ítem Koha
        Biblioteca del Ateneo de Madrid Biblioteca del Ateneo de Madrid Sala Palomar 17/01/2008     C-4731 1139932 23/02/2023 23/02/2023 Libro impreso